| 000 | 01649cam a2200421 a 4500 | ||
|---|---|---|---|
| 001 | EDZ0000020814 | ||
| 003 | StDuBDS | ||
| 005 | 20161031105143.0 | ||
| 006 | m||||||||d|||||||| | ||
| 007 | cr ||||||||||| | ||
| 008 | 110207s2012 cau fo| 001|0|eng|d | ||
| 020 |
_a9781412994231 (ebook) : _cNo price |
||
| 040 |
_aStDuBDS _beng _cStDuBDS _epn |
||
| 049 | _aAlfaisal Main Library | ||
| 050 | 0 |
_aQ141 _b.L434 2012 |
|
| 082 | 0 | 4 |
_a506.8 _223 |
| 245 | 0 | 0 |
_aLeadership in science and technology _h[electronic resource] : _ba reference handbook / _cWilliam Sims Bainbridge, editor. |
| 260 |
_aThousand Oaks, Calif. : _bSAGE, _c2012. |
||
| 300 | _a1 online resource (xlii, 928 p.). | ||
| 490 | 1 | _aThe SAGE reference series on leadership | |
| 520 | 8 | _aTo encompass the key topics in this arena, this handbook features 100 topics arranged under 8 headings, from the principles of science and technology leadership through to leadership in education and university-based research. | |
| 521 | _aSpecialized. | ||
| 588 | _aDescription based on print version record. | ||
| 504 | _aIncludes bibliographical references and index. | ||
| 650 | 0 | _aScientists. | |
| 650 | 0 | _aTechnologists. | |
| 650 | 0 | _aScience. | |
| 650 | 0 | _aTechnology. | |
| 650 | 0 | _aLeadership. | |
| 655 | 7 |
_aElectronic books. _2local |
|
| 700 | 1 | _aBainbridge, William Sims. | |
| 710 | 2 | _aSage eBooks | |
| 730 | 0 | _aSAGE reference online. | |
| 776 | 0 | 8 |
_iPrint version : _z9781412976886 |
| 830 | 0 | _aSAGE reference series on leadership. | |
| 856 | 4 | 0 | _uhttp://ezproxy.alfaisal.edu/login?url=http://sk.sagepub.com/reference/hdbk_leadershipscitech |
| 942 |
_2lcc _cEBOOKS |
||
| 999 |
_c480469 _d480469 |
||